000 00703cam a2200205 a 4500
001 000019815
005 20200929170141.0
008 900519s1947 sp b 000 0 spa d
040 _aDO-SdBNP
_bspa
_cLC
_dBNPHU
050 0 0 _aPQ6412.M3
_bR44 1984
082 _ann*
_bM285r
100 1 _aManrique, Gómez,
_d1413-1491.
_942293
245 1 0 _aRegimiento de príncipes y otras obras /
_cGómez Manrique ; prólogo, selección u vocabulario Augusto Cortina.
260 _aBuenos Aires :
_bEspasa-Calpe,
_c1947.
300 _a165, [10] p. ;
_c18 cm.
490 1 _aAustral. Teatro y poesía
_v665
830 0 _aAustral.
_pTeatro y poesía
_v665
_941995
910 _aCatalogación derivada / LC
049 _aBNGR
999 _c19328
_d19328